Gold Coast Light Rail - All stations - Statistics

General Stats
  • This quiz has been taken 21 times
  • The average score is 11 of 19
Answer Stats
Answer % Correct
Surfers Paradise
85%
Southport
77%
Broadbeach North
62%
Broadbeach South
62%
Cavill Avenue
62%
Griffith University
62%
Helensvale
62%
Main Beach
62%
Nerang Street
62%
Florida Gardens
54%
Gold Coast University Hospital
54%
Southport South
54%
Surfers Paradise North
54%
Broadwater Parklands
46%
Northcliffe
46%
Parkwood
46%
Queen Street
46%
Cypress Avenue
38%
Parkwood East
23%
No matching quizzes found
Score Distribution
Percent of People with Each Score
Percentile by Number Answered
Your Score History
You have not taken this quiz